Физика в ключевых задачах. Механика. Колебания. Акустика: учебное пособие

التفاصيل البيبلوغرافية
المؤلف الرئيسي: Паршаков А. Н. Александр Николаевич
الملخص:Учебное пособие является первой частью книги «Физика в ключевых задачах». Рассмотрены принципы и практика решения задач по разделам: механика (включая специальную теорию относительности), колебания и акустика. Оригинальный подбор задач обусловлен в первую очередь возможностью их использования для иллюстрации фундаментальных законов физики и ее методологических принципов (симметрии, относительности и др.), истинный смысл которых проявляется именно при решении задач. Рассмотрены не только способы решения конкретных задач, но и, самое главное, с чего начать решение, какие физические законы и соотношения окажутся полезными в данной ситуации. Приводится анализ возможных путей решения с обоснованием оптимального варианта. Многие задачи сопровождаются обсуждением полученного решения и возможных путей его практического использования. Предназначено для студентов и преподавателей общей физики инженерных и физических факультетов университетов, физико-математических классов школ и лицеев.
اللغة:الروسية
منشور في: Долгопрудный, Интеллект, 2013
الموضوعات:
التنسيق: MixedMaterials كتاب
KOHA link:https://koha.lib.tpu.ru/cgi-bin/koha/opac-detail.pl?biblionumber=231940

MARC

LEADER 00000nam0a2200000 4500
001 231940
005 20231101231128.0
010 |a 9785915591331 
035 |a (RuTPU)RU\TPU\book\252969 
090 |a 231940 
100 |a 20130207d2013 m y0rusy50 ca 
101 0 |a rus 
102 |a RU 
105 |a a j 001zy 
200 1 |a Физика в ключевых задачах. Механика. Колебания. Акустика  |e учебное пособие  |f А. Н. Паршаков 
210 |a Долгопрудный  |c Интеллект  |d 2013 
215 |a 240 с.  |c ил. 
320 |a Библиогр.: с. 239. 
330 |a Учебное пособие является первой частью книги «Физика в ключевых задачах». Рассмотрены принципы и практика решения задач по разделам: механика (включая специальную теорию относительности), колебания и акустика. Оригинальный подбор задач обусловлен в первую очередь возможностью их использования для иллюстрации фундаментальных законов физики и ее методологических принципов (симметрии, относительности и др.), истинный смысл которых проявляется именно при решении задач. Рассмотрены не только способы решения конкретных задач, но и, самое главное, с чего начать решение, какие физические законы и соотношения окажутся полезными в данной ситуации. Приводится анализ возможных путей решения с обоснованием оптимального варианта. Многие задачи сопровождаются обсуждением полученного решения и возможных путей его практического использования. Предназначено для студентов и преподавателей общей физики инженерных и физических факультетов университетов, физико-математических классов школ и лицеев. 
606 1 |a Механика  |2 stltpush  |3 (RuTPU)RU\TPU\subj\67812  |9 83462 
606 1 |a Акустика  |2 stltpush  |3 (RuTPU)RU\TPU\subj\1698  |9 30406 
610 1 |a физика 
610 1 |a колебания 
610 1 |a упругие волны 
610 1 |a теория относительности 
610 1 |a кинематика 
610 1 |a уравнения динамики 
610 1 |a законы сохранения 
610 1 |a движение 
610 1 |a тяготение 
610 1 |a неинерциальные системы отсчета 
610 1 |a механика жидкости 
610 1 |a собственные колебания 
610 1 |a гармонические колебания 
610 1 |a внешнее воздействие 
610 1 |a волновые движения 
610 1 |a решения 
610 1 |a задачи 
610 1 |a учебные пособия 
675 |a 531(075.8)  |v 3 
675 |a 534(075.8)  |v 3 
700 1 |a Паршаков  |b А. Н.  |g Александр Николаевич 
801 1 |a RU  |b 63413507  |c 20130207 
801 2 |a RU  |b 63413507  |c 20200114  |g RCR 
942 |c BK 
959 |a 24/20130207  |d 5  |e 550,00  |f ЧЗТЛ:1  |f АНЛ:1  |f УФ:3